00555nam a2200133Ia 4500008004100000100002300041245007900064245012800143260005300271260001300324300000800337650001500345856006100360170221s9999 xx 000 0 und d aInna L. Litvinenko 4aThe Economic Space in the Region: The Theoretical Approaches to the Study  cInna L. Litvinenko, Anastasiya S. Kaminskaya, Victoria V. Prokhorova, Elena O. Belova, Fedor V. Shutilov, Elena B. Sheludko bInternational Review of Management and Marketing cMay 2012 a1:1 xMarketing. uhttp://www.econjournals.com/index.php/irmm/issue/view/70